Kissing Babies Quiz Stats

 Plays Quiz Updated Feb 25, 2019

     
Support Sporcle.
Go Orange.
Score 0/20 Timer 05:00
4 Plays Today
Candidate % Correct
George W. Bush
99.1%
Bill Clinton
96.1%
Barack Obama
92.2%
Sarah Palin
90.9%
Hillary Clinton
90.8%
John McCain
81.9%
George H.W. Bush
81.7%
John Kerry
78.1%
Joe Biden
76.7%
Mitt Romney
76.6%
Candidate % Correct
Ron Paul
65.7%
John Edwards
57.4%
Rudy Giuliani
51.7%
Michele Bachmann
51%
Rick Santorum
50.7%
Bob Dole
49.9%
Mike Huckabee
42.6%
Howard Dean
37.5%
Rick Perry
36.6%
Jon Huntsman
32.3%

From the Vault

Monarchs of England

by Matt

History 10m
Don't hold your breathe Charles. You'll never, ever, ever be in this quiz.
Remove Ads.
Support Sporcle.
Get the best of Sporcle when you Go Orange. This ad-free experience offers more features, more stats, and more fun while also helping to support Sporcle. Thank you for becoming a member.

Show Comments

Extras

Top Quizzes Today


Score Distribution

Your Account Isn't Verified!

In order to create a playlist on Sporcle, you need to verify the email address you used during registration. Go to your Sporcle Settings to finish the process.

Report this User

Report this user for behavior that violates our Community Guidelines.

Details: